000 00561nam a2200181Ia 4500
008 090123s9999 xx 000 0 und d
082 _b3605
_a891.463/मधुकर
100 _aमधुकर
245 _aघटाघटाचे रुप आगळे
250 _a1
260 _bमेनका प्रकाशन
_c1974
300 _a135
600 _aमधुकर
630 _aघटाघटाचे रुप आगळे
700 _aमधुकर
730 _aघटाघटाचे रुप आगळे
942 _cBOOK
999 _c41685
_d41685